Geology and ground-water resources of Comal County, Texas / (Record no. 28711)

MARC details
000 -LEADER
fixed length control field 01599cam a22003251a 4500
001 - CONTROL NUMBER
control field gs 53000072
003 - CONTROL NUMBER IDENTIFIER
control field DLC
005 - DATE AND TIME OF LATEST TRANSACTION
control field 20260227111359.0
008 - FIXED-LENGTH DATA ELEMENTS--GENERAL INFORMATION
fixed length control field 800918s1952 dcuabf b f000 0 eng
010 ## - LIBRARY OF CONGRESS CONTROL NUMBER
LC control number gs 53000072
035 ## - SYSTEM CONTROL NUMBER
System control number (OCoLC)6724719
040 ## - CATALOGING SOURCE
Original cataloging agency DLC
Transcribing agency OkAdE
Modifying agency DNAL
-- OCoLC
-- DLC
042 ## - AUTHENTICATION CODE
Authentication code premarc
050 00 - LIBRARY OF CONGRESS CALL NUMBER
Classification number TC801
Item number .U2 no. 1138
070 0# - NATIONAL AGRICULTURAL LIBRARY CALL NUMBER
Classification number 407
Item number G29W no.1138
100 1# - MAIN ENTRY--PERSONAL NAME
Personal name George, William O.
Fuller form of name (William Owsley),
Dates associated with a name 1892-
245 10 - TITLE STATEMENT
Title Geology and ground-water resources of Comal County, Texas /
Statement of responsibility, etc. by William O. George ; with sections on Surface-water runoff, by Seth D. Breeding, Chemical character of the water, by Warren W. Hastings.
260 ## - PUBLICATION, DISTRIBUTION, ETC.
Place of publication, distribution, etc. Washington :
Name of publisher, distributor, etc. G.P.O.,
Date of publication, distribution, etc. 1952.
300 ## - PHYSICAL DESCRIPTION
Extent vi, 126 p., [3] leaves of plates :
Other physical details ill., maps ;
Dimensions 24 cm.
440 #0 - SERIES STATEMENT/ADDED ENTRY--TITLE
Title Geological Survey water-supply paper ;
Volume/sequential designation 1138
500 ## - GENERAL NOTE
General note "Prepared in cooperation with the Texas Board of Water Engineers."
500 ## - GENERAL NOTE
General note Three folded maps in pocket.
501 ## - WITH NOTE
With note With: Kansas-Missouri floods of July 1951 / prepared by the Water Resources Division -- Geology and ground water resources of the Egbert-Pine Bluffs Carpenter Area Laramie County, Wyoming / by J. R. Rapp, D. A. Warner, and A. M. Morgan. Washington : Govt. Print. Off., 1952-1953. Bound together subsequent to publication.
Institution to which field applies DLC
504 ## - BIBLIOGRAPHY, ETC. NOTE
Bibliography, etc. note Includes bibliography (p. 72-73) and index.
650 #0 - SUBJECT ADDED ENTRY--TOPICAL TERM
Topical term or geographic name entry element Groundwater
Geographic subdivision Texas
-- Comal County.
650 #0 - SUBJECT ADDED ENTRY--TOPICAL TERM
Topical term or geographic name entry element Geology
Geographic subdivision Texas
-- Comal County.
650 #0 - SUBJECT ADDED ENTRY--TOPICAL TERM
Topical term or geographic name entry element Water-supply
Geographic subdivision Texas
-- Comal County.
700 1# - ADDED ENTRY--PERSONAL NAME
Personal name Breeding, Seth D.
Fuller form of name (Seth Darnaby)
700 1# - ADDED ENTRY--PERSONAL NAME
Personal name Hastings, Warren W.

No items available.

Powered by Koha